Statistics for U.S. Cities with Standalone Names on Wikipedia

Click here to take the quiz!

General Stats

  • This quiz has been taken 52 times
  • The average score is 23 of 28

Answer Stats

City% Correct
Boston
96%
Los Angeles
96%
Miami
96%
New York
96%
San Francisco
96%
San Diego
94%
Dallas
92%
Seattle
92%
Houston
90%
Chicago
88%
Philadelphia
88%
Detroit
85%
Cincinnati
83%
Denver
83%
Las Vegas
83%
Atlanta
81%
Cleveland
81%
Minneapolis
81%
Baltimore
77%
Indianapolis
77%
Pittsburgh
75%
St. Louis
75%
New Orleans
73%
San Antonio
71%
Oklahoma City
65%
Milwaukee
58%
Honolulu
50%
Salt Lake City
50%

Score Distribution

Percentile by Number Answered

Percent of People with Each Score

Your Score History

You have not taken this quiz